|
|
|
|
| LEADER |
00000nab a2200000 a 4500 |
| 001 |
vtls000532897 |
| 003 |
SK-MaSNL |
| 005 |
20260303204516.0 |
| 008 |
120928c1994 xo 0 slo |
| 015 |
|
|
|a SNBRB19rr/mm-uuuuu
|
| 035 |
|
|
|a CL0533035
|
| 040 |
|
|
|a SNKBUCL
|b slo
|c SNKBUCL
|e AACR2
|
| 041 |
0 |
|
|a slo
|
| 044 |
|
|
|a xo
|c SK
|
| 080 |
|
|
|a 354.4(437.6)
|2 1981
|
| 100 |
1 |
|
|a Dzurinda, Mikuláš,
|d 1955-
|4 aut
|9 192399
|
| 245 |
1 |
0 |
|a Aj postupná integrácia do Európy prinesie zisky
|b M. Dzurinda: V kresbe tohto rozortu potrebuje minister predovšetkým široké lakte a "ťah na bránku"
|c Mikuláš Dzurinda, Lenka Tokárová
|
| 300 |
|
|
|b Fotogr. 1
|
| 610 |
1 |
7 |
|a Slovensko.
|b Ministerstvo dopravy, spojov a verejných prác
|2 SNKKA
|9 156069
|
| 655 |
|
7 |
|a články z novín a časopisov
|2 snkbucl
|9 267496
|
| 700 |
1 |
|
|a Tokárová, Lenka
|4 aut
|9 983224
|
| 773 |
0 |
|
|t Práca
|g Roč. 49, č. 260 (10. 11. 1994), s. 9
|
| 850 |
|
|
|a Slovenská národná knižnica v Martine
|a MTA001
|
| 852 |
|
|
|a SNK
|b KIS3GCP
|
| 958 |
|
|
|a RK
|
| 992 |
|
|
|a RBX
|
| 999 |
|
|
|c 2190313
|d 2192243
|